banner-ar

THE ARBITRATION ACT 1996: A COMMENTARY / (Record no. 13291)

MARC details
000 -الفاتح
حقل البيانات ثابتة الطول 00587nam a2200217Ia 4500
008 - عناصر البيانات ثابتة الطول - معلومات عامة
حقل البيانات ثابتة الطول 140319s9999 xx 000 0 eng d
040 ## - مصدر الفهرسة
وكالة الفهرسة الأصلية GCL /
وكالة النسخ GCL
082 04 - رقم تصنيف ديوى العشرى
رقم التصنيف 347.4209
رقم المادة H A
100 1# - المدخل الرئيسى - إسم شخصى
الإسم الشخصى TECKS, JONATHAN
245 10 - بيان العنوان
العنوان THE ARBITRATION ACT 1996: A COMMENTARY /
بيان المسئوليه,etc TECKS, JONATHAN
700 1# - المدخل الاضافى - اسم شخصى
الإسم الشخصى HARRIS, BRUCE
700 1# - المدخل الاضافى - اسم شخصى
الإسم الشخصى PLANTEROSE, ROWAN
260 ## - PUBLICATION, DISTRIBUTION, ETC. (IMPRINT)
تاريخ النشر أو التوزيع 1996
300 ## - الوصف المادى
التعداد 392 P
650 04 - المدخل الاضافى بالموضوع-مصطلح موضوعى
مصطلح موضوعي ARBITRATION ACT
650 04 - المدخل الاضافى بالموضوع-مصطلح موضوعى
مصطلح موضوعي GREAT BRITAIN
650 04 - المدخل الاضافى بالموضوع-مصطلح موضوعى
مصطلح موضوعي ARBITRATION AND AWARD
650 04 - المدخل الاضافى بالموضوع-مصطلح موضوعى
مصطلح موضوعي PLANTERSO, ROWAN
942 ## - عناصر المدخل الإضافي( كوها)
مصدر التصنيف او مخطط الترفيف Dewey Decimal Classification
Koha [default] item type كتاب
260 ## - PUBLICATION, DISTRIBUTION, ETC. (IMPRINT)
-- [S.N] :
-- BLACK WELL SCIENCE ،
Holdings
حالة التراجع حالة الفقد حالة تلف ليس للاعارة المكان المؤقت الموقع الحالى تاريخ الاكتساب اجمالي اﻻعارات رقم الطلب الباركود تاريخ اخر مشاهدة تاريخ تفعيل السعر نوع وعاء كوها
        مكتبة القاهرة الكبرى مكتبة القاهرة الكبرى 03/26/2014   347.4209\H A 25522 03/26/2014 03/26/2014 كتاب

Powered By

EGPV